Name All of the Doctor's Companions - Statistics

General Stats
  • This quiz has been taken 11 times
    9 since last reset
  • The average score is 32 of 46
Answer Stats
Clue Initial(s) Doctor(s) Answer % Correct
Bad Wolf RT 9/10/Metacrisis Rose Tyler
100%
The Girl who Waited AP 11 Amy Pond
89%
Her love interest is turned into an alien BP 12 Bill Potts
89%
One of the founders of UNIT B LS 2/3 Brigadier Lethbridge-Stewart
89%
Flirts with everyone. Is super gay. In Torchwood. C JH 9/10/13 Captain Jack Harkness
89%
The 'Impossible Girl' CO 11/12 Clara Oswald
89%
Ginger, first arrived on the Tardis on her wedding day DN 10/14 Donna Noble
89%
Built by SJS (robotic dog) 4/10 K9
89%
Medical student recruited into UNIT MJ 10 Martha Jones
89%
'______ the idiot' MS 10 Mickey Smith
89%
Hello, sweetie RS 11/12 River Song
89%
Her full name is Romanadvoratrelundar R 4 Romana I / Romana II
89%
Nurse, sometimes rather awkward RW 11 Rory Williams
89%
Birthday is Christmas Eve RS 15 Ruby Sunday
89%
Much loved investigative journalist, whose son appears in the post-2000s TV show SJS 3/4/10 Sarah Jane Smith
89%
A security officer for Mavic Chen from the 40th century SK 1 Sara Kingdom
89%
Teenager from Perivale, London A 7/13 Ace
78%
Retired, old-looking, kind G O'B 13 Graham O'Brien
78%
Junior civilian operative for UNIT JG 3 Jo Grant
78%
Step-grandson of the above RS 13 Ryan Sinclair
78%
Grandfather of DN (2 below) WM 10 Wilfred Mott
78%
Police officer from Sheffield YK 13 Yasmin Khan
78%
A child genius AM 9 Adam Mitchell
67%
A native of the planet Alzarius A 4/5 Adric
67%
A science teacher at Cole Hill School IC 1 Ian Chesterton
67%
A piper of the Clan MacLeod who lived in 18th-century Scotland JMcC 2 Jamie McCrimmon
67%
Humanoid extraterrestrial being from the 54th century N 12 Nardole
67%
The Doctor's granddaughter SF 1 Susan Foreman
67%
An Australian airline stewardess and a native of Brisbane TJ 4/5/13 Tegan Jovanka
67%
A history teacher at Cole Hill School BW 1 Barbara Wright
56%
Part of a regular duo with the above BJ 1/2 Ben Jackson
56%
She shares her first name with an extinct bird DC 1 Dodo Chaplet
56%
Warm and compassionate, puts on a cold front GH 8 Grace Holloway
56%
She has degrees in dozens of scientific subjects LS 3 Liz Shaw
56%
American botany major PB 5/6 Peri Brown
56%
Part of a regular duo with the below P 1/2 Polly
56%
Only 2 complete serials to feature her are in the BBC archives VW 2 Victoria Waterfield
56%
A young female astrophysicist ZH 2 Zoe Heriot
56%
Assistant of B LS C MY 3 Captain Mike Yates
44%
Surgeon-Lieutenant for the Royal Navy, a doctor in UNIT HS 4 Harry Sullivan
44%
A warrior of the savage Sevateem tribe L 4 Leela
44%
Thinly characterized stereotype, curly hair MB 6/7 Mel Bush
44%
Travels in the Tardis with the character above and velow N 4/5 Nyssa
44%
Senior Non-Commissioned Officer of UNIT S JB 3 Sergeant John Benton
44%
A space pilot from Earth in the future ST 1 Steven Taylor
44%
A Trion from the 1980s VT 5 Vislor Turlough
33%
No matching quizzes found
Score Distribution
Percent of People with Each Score
Percentile by Number Answered
Your Score History
You have not taken this quiz since the last reset